Quick Pick: Scorsese Flix Quiz Stats

 Plays Quiz not verified by Sporcle

Challenge
Share
Tweet
Embed
Score 0/10 Timer 01:00
0 Plays Today
% Correct
Raging Bull
96%
The Aviator
95.7%
Taxi Driver
92%
Gangs of New York
90.6%
Goodfellas
88%
Cape Fear
86.6%
The Color of Money
83.3%
Casino
80.1%
The King of Comedy
78.3%
Mean Streets
76.8%

You're not logged in!

Compare scores with friends on all Sporcle quizzes.
Join for Free
OR
Log In

You Might Also Like...

Show Comments

Extras

Top Quizzes Today


Score Distribution

Your Account Isn't Verified!

In order to create a playlist on Sporcle, you need to verify the email address you used during registration. Go to your Sporcle Settings to finish the process.

Report this User

Report this user for behavior that violates our Community Guidelines.

Details: